LEADER 01434nam a2200313 u 4500 001 000000062352 003 CaOOAMICUS 005 20070226121126.0 008 010927s1958 be u000 u fre u 035 $a10904464 040 $aPUL(R)$bita 100 1 $aFraigneau-Julien, B.$0(OLS)http://pul/name/11408 245 12$aL'Eglise et le caractère sacramental selon M.-J. Scheeben /$cB. Fraignau-Julien. 260 $aBruges :$bDesclée de Brouwer,$cc1958. 300 $a292 p. ;$c20 cm 490 1 $aTextes et études théologiques 500 $aContiene indice. 504 $a"Bibliographie": p. [279]-284. 600 14$aScheeben, Matthias Joseph,$d1835-1888.$0(OLS)http://pul/subject/10078 830 0$aTextes et études théologiques.$0(OLS)http://pul/title/10176 850 $aPUL 852 $aPUL$W1$xDP2 Religione 1$y63$m67 E 26$j81087$nBK-PRI$qStampati$B81087$CPULBib$Z2$F81087 $82 852 $aPUL$W1$xDP1 Fondo Cecchetti$y53$m266 A 73$j81088$nBK-PRI$b $qFondi$B81088$CPULBib$Z2$F81088 $H $81 852 $aPUL$W1$xDP1 Fondo Bordoni$y120$m3 J 34$j167136$qFondi$B176643$CPULBib$Z2$F176643 $HBor2024 $81 941 1 $a1 941 1 $a8 961 $aINV: 24859 996 $6245$aL'Eglise et le caractère sacramental selon M.-J. Scheeben$9(OLS)http://pul/title/83199 996 $6260$aBruges :$bDesclée de Brouwer$9(OLS)http://pul/publisher/48305 LEADER 01327nam a2200337 u 4500 001 000000062828 003 CaOOAMICUS 005 20070226121158.0 008 011010s1989 it u000 u ita u 020 $a8839910433 035 $a10905961 040 $aPUL(R)$bita 041 1 $aita$hfre 100 1 $aClément, Olivier,$d1921-2009.$0(OLS)http://pul/name/21273 240 10$aEglise ortodoxe.$lItaliano.$0(OLS)http://pul/title/83802 245 13$aLa Chiesa ortodossa /$cOlivier Clément ; edizione italiana a cura di Salvatore Manna. 260 $aBrescia :$bQueriniana,$c1989. 300 $a118 p. ;$c19 cm 490 1 $aStrumenti ;$v43 504 $aBibliografia: p. [107]-114. 610 24$aChiesa ortodossa$xStoria.$0(OLS)http://pul/subject/8625 650 4$aTeologia ortodossa.$0(OLS)http://pul/subject/5722 700 1 $aManna, Salvatore.$0(OLS)http://pul/name/33747 830 0$aStrumenti (Queriniana) ;$v43.$0(OLS)http://pul/title/142 850 $aPUL 852 $aPUL$W1$xDP2 Religione 1$y63$m69 E 38$j81613$nBK-PRI$qStampati$B81613$CPULBib$Z2$F81613 $82 941 1 $a8 961 $aINV: 61803 996 $6020$a8839910433$9(OLS)http://pul/number/81530 996 $6245$aLa Chiesa ortodossa$9(OLS)http://pul/title/83803 996 $6260$aBrescia :$bQueriniana$9(OLS)http://pul/publisher/47906